Human resource management (Record no. 188509)

000 -LEADER
fixed length control field 00350nam a2200133Ia 4500
008 - FIXED-LENGTH DATA ELEMENTS--GENERAL INFORMATION
fixed length control field 220217s9999||||xx |||||||||||||| ||und||
020 ## - INTERNATIONAL STANDARD BOOK NUMBER
International Standard Book Number 9788174468956
100 ## - MAIN ENTRY--PERSONAL NAME
Personal name Rao, V.S.P
245 #0 - TITLE STATEMENT
Title Human resource management
250 ## - EDITION STATEMENT
Edition statement 3
260 ## - PUBLICATION, DISTRIBUTION, ETC.
Place of publication, distribution, etc. S.Chand and company Ltd.
Name of publisher, distributor, etc. New Delhi
Date of publication, distribution, etc. 2016
300 ## - PHYSICAL DESCRIPTION
Extent XX, 839p.
Other physical details 1299
650 ## - SUBJECT ADDED ENTRY--TOPICAL TERM
Topical term or geographic name entry element MANAGEMENT
Holdings
Withdrawn status Lost status Damaged status Not for loan Collection code Home library Current library Shelving location Date acquired Barcode Date last seen Price effective from Koha item type
        Civil Engineering Central Library Central Library Book Cart 02/18/2022 23698 02/18/2022 02/18/2022 Books

Powered by Koha